=LDR 00000nam 2200000 4500 =001 INLIS000000000019607 =005 20130612114639 =008 ***********************************Ind** =035 ##$$0010-061300000019607 =041 ##$$a Ind =082 ##$$a 573.21 =090 ##$$a 573.21, Goo g =100 ##$$a Goodenough, Wisula =245 ##$$a Genetika, Wisula Goadenough ; alih bahasa, Soenartono Adisoemartono =260 ##$$a 1988 $b Jakarta =300 ##$$a 462 hlm, 21 cm =650 ##$$a Genetika Manusia =850 ##$$a NBPNMAT